00323 2200121 4500245008800000250001100088100002600099650001600125005001900141260001800160041001400178336000900192 aLAPORAN KARYA SISWAb : PRODUK PANGAN LOKAL INCONESIAcSYIFA ALYSSA FITRIANIhText aCet. 1 aSYIFA ALYSSA FITRIANI aKarya Siswa a20240829112348 aJakartac2024 aIndonesia atext